| 000 | 01404nam a22002777a 4500 | ||
|---|---|---|---|
| 001 | 2255 | ||
| 003 | FISKH | ||
| 005 | 20241220095449.0 | ||
| 008 | 231114b cb ||||| |||| 00| 0 eng d | ||
| 020 | _a9780590192620 | ||
| 040 |
_aFISKH _beng _cFISKH _dFISKH |
||
| 050 | _aPZ7 | ||
| 082 | _a750.2 | ||
| 100 |
_aCox, Michael _d1949- |
||
| 245 |
_aAwful art / _cBy Michael Cox ; illustrated by Philip Reeve |
||
| 260 |
_aLondon : _bScholastic, _c1997. |
||
| 300 |
_a187 pages : _billustrations ; _c20 cm |
||
| 490 | _aThe knowledge | ||
| 505 | _aZ' | ||
| 520 | _aFirst cave-dwellers hid their mammoth doodles in dark, damp caves. Next - you name it, they painted it - from luscious landscapes and mouldy meat to diabolical dream-sequences. Now anything can be art - building bricks, half a cow, even a bin full of rubbish! In this imaginative guide, you'll meet rich artists, poor artists, dead artists and artists who really made an exhibition of themselves. Find out about some forgers and fraudsters who brushed with the law, palette loads of ancient artefacts, and how to create your own priceless masterpiece. PLUS are you the owner of an artistic temperament? If you want to know, get The Knowledge! | ||
| 521 | 8 |
_a1100
_bLexile |
|
| 521 | 8 |
_aZ'
_bRaz-Plus |
|
| 650 |
_2Art _aHistory _vJuvenile Literature |
||
| 700 |
_aReeve, Philip _eillustrator |
||
| 942 |
_2ddc _cBK _n0 |
||
| 999 |
_c2255 _d2255 |
||